000 00669nam a2200289Ia 4500
005 20260324144501.0
008 008 260324s9999 xx 000 0 eng d
020 _a9781003384397
037 _aEBOOK
040 _aCRL
040 _beng
040 _cCRL
041 _2eng
041 _aeng
084 _qCRL
100 _aRonald Fletcher
_91215932
245 4 _aThe Shaking of the Foundations
245 0 _bFamily and Society
260 _bTaylor and Francis
260 _c1988
365 _a
365 _b195
856 _uhttp://www.taylorfrancis.com/books/9781003384397
942 _cEBOOK
999 _c1826158
_d1826158